000 00735nac a22002171u 4500
010 _a59007387
035 _a(OCoLC)838953
082 _a338.54
_bL4771
090 _c1793
_d1793
100 _aLee, Maurice W.
245 1 0 _aEconomic fluctuations;
_bgrowth and stability.
250 _aRev. ed.
260 _aHomewood, Ill.,
_bR.D. Irwin,
_c1959.
300 _a659 p.
_billus.
_c24 cm.
440 4 _aThe Irwin series in economics
500 _aDonations
500 _aDonations - Dr. Mostafa Gouda
650 0 _aBusiness cycles.
942 _cBB
_k338.54L4771
999 _c1793
_d1793